Beyond settlement : (Record no. 18769)

000 -LEADER
fixed length control field 00553cam a2200181 a 4500
020 ## - INTERNATIONAL STANDARD BOOK NUMBER
ISBN 9780838641835 (alk. paper)
020 ## - INTERNATIONAL STANDARD BOOK NUMBER
ISBN 0838641830 (alk. paper)
040 ## - CATALOGING SOURCE
Transcribing agency DLC
082 00 - DEWEY DECIMAL CLASSIFICATION NUMBER
Classification number 327 FDU 2008 C152 Or.
245 00 - TITLE STATEMENT
Title Beyond settlement :
Remainder of title making peace last after civil conflict /
260 ## - PUBLICATION, DISTRIBUTION, ETC. (IMPRINT)
Place of publication Madison [N.J.] :
Name of publisher Fairleigh Dickinson University Press,
Year of publication c2008
300 ## - PHYSICAL DESCRIPTION
Number of Pages 413 p. :
Other physical details ill. ;
Dimensions 25 cm
650 #0 - SUBJECT ADDED ENTRY--TOPICAL TERM
Topical Term Peace-building
650 #0 - SUBJECT ADDED ENTRY--TOPICAL TERM
Topical Term Conflict management
700 1# - ADDED ENTRY--PERSONAL NAME
Personal name Shields, Vanessa E.,
700 1# - ADDED ENTRY--PERSONAL NAME
Personal name Baldwin, Nicholas
942 ## - ADDED ENTRY ELEMENTS (KOHA)
Koha item type ADB
952 ## - LOCATION AND ITEM INFORMATION (KOHA)
Withdrawn status [LOCAL, KOHA] 0
Holdings
Source of acquisition Permanent Location Date acquired Koha item type Lost status Shelving location Current Location Full call number
A39482Library Block C2020-01-22សៀវភៅភាសាអង់គ្លេស C152Library Block C327 FDU 2008 C152 Or.
មជ្ឈមណ្ឌលឯការនៃសាកលវិទ្យាល័យភូមិន្ទកសិកម្មចំការដូង

Powered by Koha